[Event "Wch Seniors 50 30th"]
[Site "Assisi"]
[Date "2022.11.17"]
[Round "3"]
[White "Koganov, Mikhail"]
[Black "Favier, Alain"]
[Result "1-0"]
[WhiteElo "2158"]
[BlackElo "1972"]
[PlyCount "133"]
[EventDate "2022.11.15"]
[EventType "swiss"]
[EventRounds "11"]
[EventCountry "ITA"]
[SourceTitle "CBM 211 Extra"]
[Source "ChessBase"]
[SourceDate "2023.01.31"]
[SourceVersion "1"]
[SourceVersionDate "2023.01.31"]
[SourceQuality "1"]

1. Nf3 d5 2. g3 Nf6 3. Bg2 c5 4. 0-0 h6 5. d3 Nc6 6. Nbd2 e5 7. e4 dxe4 8. dxe4 Be7 9. c3 0-0 10. Qe2 Bg4 11. h3 Be6 12. Nc4 Nd7 13. Rd1 Qc7 14. Ne3 Rae8 15. Nd5 Qc8 16. Be3 Bd8 17. Kh2 b6 18. g4 Ne7 19. Nd2 Bxd5 20. exd5 Qb8 21. d6 Ng6 22. Qb5 Nf6 23. Ne4 Nxe4 24. Bxe4 Re6 25. Qc6 Bh4 26. Rd2 Nf4 27. Rad1 g6 28. Bxf4 exf4 29. Bf3 Kg7 30. Qa4 Rd8 31. d7 b5 32. Qc2 Qc7 33. Rd5 a6 34. Kg2 c4 35. a4 Qb6 36. axb5 axb5 37. Qd2 Qb8 38. Qd4+ Bf6 39. Qc5 Rb6 40. Rd6 Rxd6 41. Rxd6 b4 42. Rb6 Qa7 43. Qxb4 Rxd7 44. Rb7 Rxb7 45. Qxb7 Qxb7 46. Bxb7 Be5 47. Kf3 g5 48. Bd5 f6 49. Bxc4 Kf8 50. Bd5 Ke7 51. Ke2 Kd6 52. Be4 Kc5 53. Kd3 Kb5 54. f3 Kc5 55. Bg6 Kd5 56. b4 Kc6 57. Kc4 Bb8 58. Be4+ Kb6 59. Kb3 Be5 60. c4 Bd4 61. c5+ Kb5 62. Bd3+ Kc6 63. Kc4 Be3 64. Be4+ Kd7 65. b5 Bc1 66. b6 Bb2 67. c6+ 1-0

[Event "Titled Tuesday intern op 07th Sept"]
[Site "Chess.com INT"]
[Date "2021.09.07"]
[Round "4"]
[White "Bashirli, Saadat"]
[Black "Koganov, Mikhail"]
[Result "0-1"]
[WhiteElo "1284"]
[BlackElo "2158"]
[PlyCount "76"]
[EventDate "2021.09.07"]
[EventType "swiss (blitz)"]
[EventRounds "11"]
[EventCountry "USA"]
[SourceTitle "EXT 2022"]
[Source "ChessBase"]
[SourceDate "2021.10.06"]
[SourceVersion "1"]
[SourceVersionDate "2021.10.06"]
[SourceQuality "1"]

1. e4 e5 2. Nf3 Nc6 3. Bc4 Nf6 4. d3 Be7 5. c3 0-0 6. Nbd2 d5 7. exd5 Nxd5 8. 0-0 Nb6 9. Bb5 Bd6 10. Ne4 Ne7 11. Re1 Ng6 12. c4 a6 13. Ba4 Nxa4 14. Qxa4 Bd7 15. Qc2 Bc6 16. Bg5 Be7 17. Be3 f5 18. Nc3 Bxf3 19. gxf3 Nh4 20. Qe2 Qd6 21. Qf1 Nxf3+ 22. Kh1 Nxe1 23. Rxe1 c6 24. Na4 Rae8 25. Bc5 Qf6 26. Bxe7 Rxe7 27. Qg2 Rfe8 28. Nc3 b5 29. cxb5 axb5 30. a4 b4 31. Na2 Qd6 32. Rg1 g6 33. a5 Ra8 34. Rc1 e4 35. dxe4 Rxe4 36. f3 Rd4 37. Re1 Rd2 38. Qg1 Rxb2 0-1

[Event "Titled Tuesday intern op 07th Sept"]
[Site "Chess.com INT"]
[Date "2021.09.07"]
[Round "7"]
[White "Kislov, Oleg"]
[Black "Koganov, Mikhail"]
[Result "1-0"]
[WhiteElo "2249"]
[BlackElo "2158"]
[PlyCount "21"]
[EventDate "2021.09.07"]
[EventType "swiss (blitz)"]
[EventRounds "11"]
[EventCountry "USA"]
[SourceTitle "EXT 2022"]
[Source "ChessBase"]
[SourceDate "2021.10.06"]
[SourceVersion "1"]
[SourceVersionDate "2021.10.06"]
[SourceQuality "1"]

1. e4 e5 2. Nf3 Nc6 3. Bb5 d6 4. d4 exd4 5. Qxd4 Bd7 6. Bxc6 bxc6 7. Nc3 Ne7 8. Bg5 Ng6 9. Bxd8 Ne7 10. Bxe7 h6 11. Bxf8 1-0

[Event "Titled Tuesday intern op 31st Aug"]
[Site "Chess.com INT"]
[Date "2021.08.31"]
[Round "2"]
[White "Holt, Conrad"]
[Black "Koganov, Mikhail"]
[Result "1-0"]
[WhiteElo "2549"]
[BlackElo "2119"]
[PlyCount "57"]
[EventDate "2021.08.31"]
[EventType "swiss (blitz)"]
[EventRounds "11"]
[EventCountry "USA"]
[SourceTitle "EXT 2022"]
[Source "ChessBase"]
[SourceDate "2021.10.06"]
[SourceVersion "1"]
[SourceVersionDate "2021.10.06"]
[SourceQuality "1"]

1. d4 Nf6 2. c4 g6 3. Nc3 Bg7 4. e4 d6 5. Nf3 0-0 6. h3 Nbd7 7. Bg5 h6 8. Be3 e5 9. d5 a5 10. Nd2 Nh7 11. g4 b6 12. Be2 Nc5 13. Nb3 Qh4 14. Nxc5 bxc5 15. Qd2 Bd7 16. 0-0-0 Rfb8 17. Rdf1 Rb7 18. Kc2 Rab8 19. Rb1 Rb4 20. f3 f6 21. Bd3 f5 22. a3 R4b7 23. gxf5 gxf5 24. exf5 Nf6 25. Rhg1 Kh8 26. Qg2 Rg8 27. b3 Bf8 28. Qf2 Be7 29. Qxh4 1-0

[Event "Titled Tuesday intern op 31st Aug"]
[Site "Chess.com INT"]
[Date "2021.08.31"]
[Round "6"]
[White "Sanudula, KM Dahamdi"]
[Black "Koganov, Mikhail"]
[Result "1/2-1/2"]
[WhiteElo "1717"]
[BlackElo "2119"]
[PlyCount "108"]
[EventDate "2021.08.31"]
[EventType "swiss (blitz)"]
[EventRounds "11"]
[EventCountry "USA"]
[SourceTitle "EXT 2022"]
[Source "ChessBase"]
[SourceDate "2021.10.06"]
[SourceVersion "1"]
[SourceVersionDate "2021.10.06"]
[SourceQuality "1"]

1. d4 Nf6 2. e3 d5 3. Bd3 Nbd7 4. Nd2 c5 5. c3 e5 6. dxe5 Nxe5 7. Bc2 Be7 8. Ngf3 Nc6 9. 0-0 0-0 10. e4 Bg4 11. exd5 Qxd5 12. h3 Bh5 13. Qe2 Rfe8 14. Ne4 Bg6 15. Nxf6+ Bxf6 16. Qd1 Qxd1 17. Bxd1 Rad8 18. Be3 b6 19. Ba4 Re6 20. Bg5 Bxg5 21. Nxg5 Red6 22. Bxc6 Rxc6 23. Rad1 Rcd6 24. Rxd6 Rxd6 25. Nf3 Kf8 26. Re1 f6 27. Re2 Bf7 28. Rd2 Rxd2 29. Nxd2 Bxa2 30. b3 c4 31. bxc4 Ke7 32. Kf1 Kd6 33. Ke2 Kc5 34. Kd3 b5 35. Ne4+ Kc6 36. cxb5+ Kxb5 37. Nd6+ Kc6 38. Ne8 Bd5 39. f3 a5 40. Nxg7 a4 41. Ne8 f5 42. Nf6 a3 43. Kc2 a2 44. Kb2 Bc4 45. g4 fxg4 46. fxg4 h6 47. h4 Kd6 48. g5 hxg5 49. hxg5 Ke5 50. Nd7+ Kf5 51. Nb6 Bg8 52. c4 Bxc4 53. Nxc4 a1Q+ 54. Kxa1 Kxg5 1/2-1/2

[Event "Titled Tuesday intern op 20th July"]
[Site "Chess.com INT"]
[Date "2021.07.20"]
[Round "7"]
[White "Bonte, Andrei Mihai"]
[Black "Koganov, Mikhail"]
[Result "1-0"]
[WhiteElo "2313"]
[BlackElo "2119"]
[PlyCount "91"]
[EventDate "2021.07.20"]
[EventType "swiss (blitz)"]
[EventRounds "11"]
[EventCountry "USA"]
[SourceTitle "CBM 203 Extra"]
[Source "ChessBase"]
[SourceDate "2021.09.30"]
[SourceVersion "1"]
[SourceVersionDate "2021.09.30"]
[SourceQuality "1"]

1. d4 Nf6 2. c4 e6 3. Nc3 Bb4 4. e3 b6 5. Nge2 Bb7 6. a3 Be7 7. d5 e5 8. g3 d6 9. Bg2 0-0 10. 0-0 Nfd7 11. e4 a5 12. Rb1 Bf6 13. b4 axb4 14. axb4 g6 15. Be3 Bg7 16. c5 Ba6 17. b5 Bc8 18. c6 Nc5 19. Ra1 Rxa1 20. Qxa1 f5 21. Bxc5 dxc5 22. Qa8 f4 23. f3 fxg3 24. hxg3 Qg5 25. Qxb8 Qe3+ 26. Rf2 Bg4 27. Qxc7 Bxf3 28. Bxf3 Rxf3 29. Qc8+ Bf8 30. Qe6+ Kg7 31. Qxe5+ Kg8 32. Qe6+ Kg7 33. Qe5+ Kg8 34. Nd1 Qd2 35. Rxf3 Qxd1+ 36. Kf2 Qh1 37. Qe6+ Kg7 38. Qf7+ Kh6 39. Qxf8+ Kh5 40. Nf4+ Kg4 41. Qc8+ Kg5 42. Nh3+ Kh6 43. Qf8+ Kh5 44. Rf5+ Kg4 45. Rg5+ Kxh3 46. Qh6# 1-0

[Event "Titled Tuesday intern op 29th June"]
[Site "Chess.com INT"]
[Date "2021.06.29"]
[Round "4"]
[White "Musovic, Armin"]
[Black "Koganov, Mikhail"]
[Result "1-0"]
[WhiteElo "2274"]
[BlackElo "2119"]
[PlyCount "95"]
[EventDate "2021.06.29"]
[EventType "swiss (blitz)"]
[EventRounds "11"]
[EventCountry "USA"]
[SourceTitle "CBM 203 Extra"]
[Source "ChessBase"]
[SourceDate "2021.09.30"]
[SourceVersion "1"]
[SourceVersionDate "2021.09.30"]
[SourceQuality "1"]

1. a3 e5 2. Nc3 d5 3. d4 e4 4. Bf4 c6 5. f3 Nf6 6. Qd2 Bd6 7. 0-0-0 0-0 8. g4 Qc7 9. Bxd6 Qxd6 10. h4 Re8 11. h5 e3 12. Qe1 b5 13. g5 Nfd7 14. Bh3 Nb6 15. Bxc8 Rxc8 16. g6 fxg6 17. hxg6 Qxg6 18. Nh3 Qf6 19. Qg3 N8d7 20. Nf4 Rf8 21. Rdg1 Rf7 22. Nh5 Qg6 23. Qc7 Qe6 24. Rg4 Rc8 25. Qxa7 Nc4 26. Rhg1 g6 27. Nf4 Rxf4 28. Rxf4 Qd6 29. Rfg4 Kg7 30. f4 Rc7 31. Qa8 Nf6 32. Rg5 Qxf4 33. Qd8 Rf7 34. Qc8 Qxd4 35. Qxc6 Nd6 36. Kb1 Nde4 37. Nxe4 Qxe4 38. Qxb5 Rc7 39. Qd3 Qxd3 40. cxd3 Rd7 41. b4 Kf7 42. Kb2 Ke6 43. b5 Kd6 44. Rc1 Rc7 45. Rxc7 Kxc7 46. Kc3 Kb6 47. Kb4 d4 48. a4 1-0

[Event "Titled Tuesday intern op 22nd June"]
[Site "Chess.com INT"]
[Date "2021.06.22"]
[Round "1"]
[White "Koganov, Mikhail"]
[Black "Mitrabha, Guha"]
[Result "0-1"]
[WhiteElo "2119"]
[BlackElo "2467"]
[PlyCount "128"]
[EventDate "2021.06.22"]
[EventType "swiss (blitz)"]
[EventRounds "11"]
[EventCountry "USA"]
[SourceTitle "CBM 203 Extra"]
[Source "ChessBase"]
[SourceDate "2021.09.30"]
[SourceVersion "1"]
[SourceVersionDate "2021.09.30"]
[SourceQuality "1"]

1. Nf3 c6 2. c4 d5 3. cxd5 cxd5 4. g3 Nc6 5. Bg2 Nf6 6. d3 Bg4 7. 0-0 e6 8. Qa4 Qd7 9. Bg5 Be7 10. Bxf6 Bxf3 11. Bxg7 Bxg2 12. Kxg2 Rg8 13. Bc3 d4 14. Bd2 h5 15. Na3 h4 16. Rac1 Rc8 17. Rc2 Qd5+ 18. f3 hxg3 19. hxg3 Rh8 20. Rh1 Rxh1 21. Kxh1 Bxa3 22. Qxa3 Kd7 23. Qc5 Qxa2 24. Bb4 Qd5 25. Qxd5+ exd5 26. Bd2 Ne7 27. Rxc8 Kxc8 28. Kg2 Nc6 29. g4 a5 30. Kf2 b5 31. Ke1 a4 32. Kd1 b4 33. Kc2 Kd7 34. Be1 b3+ 35. Kb1 Kd6 36. Bd2 Nd8 37. Bf4+ Ke6 38. Bd2 f5 39. gxf5+ Kxf5 40. Kc1 Ne6 41. Kd1 Kg6 42. Bb4 Kg5 43. Kd2 Kh4 44. Bd6 Kh3 45. Ke1 Kg2 46. f4 Ng7 47. Kd2 Nf5 48. Be5 Kg3 49. Bc7 Kg4 50. Be5 Kh4 51. Bf6+ Kg3 52. Be5 Kg4 53. Bc7 Ne3 54. Bd6 Kf5 55. Bc5 Nc2 56. Bd6 Ke6 57. Be5 Kf5 58. Bd6 Kg4 59. Be5 Kh5 60. Bd6 Ne3 61. Be5 a3 62. bxa3 b2 63. Bxd4 b1Q 64. Kxe3 Qg1+ 0-1

[Event "Titled Tuesday intern op 22nd June"]
[Site "Chess.com INT"]
[Date "2021.06.22"]
[Round "8"]
[White "Koganov, Mikhail"]
[Black "Prado Lobo, Jonas"]
[Result "0-1"]
[WhiteElo "2119"]
[BlackElo "2290"]
[PlyCount "40"]
[EventDate "2021.06.22"]
[EventType "swiss (blitz)"]
[EventRounds "11"]
[EventCountry "USA"]
[SourceTitle "CBM 203 Extra"]
[Source "ChessBase"]
[SourceDate "2021.09.30"]
[SourceVersion "1"]
[SourceVersionDate "2021.09.30"]
[SourceQuality "1"]

1. Nf3 g6 2. b3 Bg7 3. d4 c5 4. e3 Nc6 5. Bb2 cxd4 6. exd4 Nf6 7. d5 Nb8 8. c4 0-0 9. Bd3 e6 10. dxe6 dxe6 11. 0-0 Nc6 12. Nc3 Qa5 13. a3 Rd8 14. Qc2 Ng4 15. h3 Nce5 16. Be4 Nxf3+ 17. Bxf3 Ne5 18. Be2 Bd7 19. b4 Qc7 20. Nb5 Bxb5 0-1

[Event "Titled Tuesday intern op 22nd June"]
[Site "Chess.com INT"]
[Date "2021.06.22"]
[Round "9"]
[White "Nathan, Nitish"]
[Black "Koganov, Mikhail"]
[Result "1-0"]
[WhiteElo "1720"]
[BlackElo "2119"]
[PlyCount "39"]
[EventDate "2021.06.22"]
[EventType "swiss (blitz)"]
[EventRounds "11"]
[EventCountry "USA"]
[SourceTitle "CBM 203 Extra"]
[Source "ChessBase"]
[SourceDate "2021.09.30"]
[SourceVersion "1"]
[SourceVersionDate "2021.09.30"]
[SourceQuality "1"]

1. d4 Nf6 2. Bf4 c5 3. e3 e6 4. c3 b6 5. Nf3 Bb7 6. Nbd2 d6 7. Bd3 Be7 8. 0-0 0-0 9. e4 Nbd7 10. e5 Nd5 11. Bg3 dxe5 12. dxe5 Re8 13. Qc2 Nf8 14. Ne4 f5 15. Nd6 Bxd6 16. exd6 f4 17. Bh4 Qxd6 18. Ng5 h6 19. Bh7+ Kh8 20. Nf7# 1-0

[Event "Titled Tuesday intern op 01st June"]
[Site "Chess.com INT"]
[Date "2021.06.01"]
[Round "11"]
[White "Chizhikov, Vladislav"]
[Black "Koganov, Mikhail"]
[Result "0-1"]
[WhiteElo "2270"]
[BlackElo "2119"]
[PlyCount "70"]
[EventDate "2021.06.01"]
[EventType "swiss (blitz)"]
[EventRounds "11"]
[EventCountry "USA"]
[SourceTitle "CBM 202 Extra"]
[Source "ChessBase"]
[SourceDate "2021.07.31"]
[SourceVersion "1"]
[SourceVersionDate "2021.07.31"]
[SourceQuality "1"]

1. e4 e5 2. Nf3 Nc6 3. Bc4 Bc5 4. 0-0 Nf6 5. d4 Bxd4 6. Nxd4 Nxd4 7. Bg5 Ne6 8. f4 exf4 9. Bxe6 fxe6 10. e5 h6 11. Bxf6 gxf6 12. Qh5+ Kf8 13. exf6 Qxf6 14. Nc3 d6 15. Kh1 Qg5 16. Qe2 e5 17. Qc4 Rg8 18. Rf2 Rg7 19. Ne4 Qg6 20. Raf1 Be6 21. Qb4 Bd5 22. Re1 a5 23. Qa4 b5 24. Qxb5 Bxe4 25. Ree2 Kg8 26. Qc4+ d5 27. Qc3 Re8 28. Qxa5 Kh7 29. a4 f3 30. Rd2 fxg2+ 31. Kg1 Ree7 32. Qc3 Qg5 33. a5 Ref7 34. Qc5 d4 35. Rfe2 Rf1# 0-1

[Event "Titled Tuesday intern op 01st June"]
[Site "Chess.com INT"]
[Date "2021.06.01"]
[Round "3"]
[White "Hartikainen, Jarmo"]
[Black "Koganov, Mikhail"]
[Result "0-1"]
[WhiteElo "2142"]
[BlackElo "2119"]
[PlyCount "80"]
[EventDate "2021.06.01"]
[EventType "swiss (blitz)"]
[EventRounds "11"]
[EventCountry "USA"]
[SourceTitle "CBM 202 Extra"]
[Source "ChessBase"]
[SourceDate "2021.07.31"]
[SourceVersion "1"]
[SourceVersionDate "2021.07.31"]
[SourceQuality "1"]

1. e4 e5 2. Nf3 Nc6 3. Bc4 Bc5 4. c3 Nf6 5. d4 exd4 6. b4 Bb6 7. e5 Ne4 8. b5 d5 9. Bd3 Ne7 10. cxd4 Ba5+ 11. Nbd2 Bf5 12. Qc2 0-0 13. 0-0 Nxd2 14. Nxd2 Bxd3 15. Qxd3 c5 16. Nf3 c4 17. Qc2 Ng6 18. Ba3 Re8 19. Bd6 Bc7 20. Bxc7 Qxc7 21. a4 h6 22. Rfe1 Re6 23. Qf5 Qe7 24. g3 Rc8 25. Rac1 Qc7 26. h4 Ne7 27. Qc2 g6 28. Kg2 a6 29. Qc3 axb5 30. axb5 Qb6 31. Rb1 Ra8 32. Qb4 Nf5 33. Qc5 Kg7 34. Rec1 Ra2 35. g4 Ne3+ 36. Kg3 Nc2 37. Qxb6 Rxb6 38. h5 g5 39. Ng1 Nxd4 40. Nf3 Ra3 0-1

[Event "Titled Tuesday intern op 01st June"]
[Site "Chess.com INT"]
[Date "2021.06.01"]
[Round "1"]
[White "Hernandez Gonzalez, William"]
[Black "Koganov, Mikhail"]
[Result "1-0"]
[WhiteElo "2481"]
[BlackElo "2119"]
[PlyCount "71"]
[EventDate "2021.06.01"]
[EventType "swiss (blitz)"]
[EventRounds "11"]
[EventCountry "USA"]
[SourceTitle "CBM 202 Extra"]
[Source "ChessBase"]
[SourceDate "2021.07.31"]
[SourceVersion "1"]
[SourceVersionDate "2021.07.31"]
[SourceQuality "1"]

1. e4 e5 2. Nf3 Nc6 3. Bc4 Bc5 4. b4 Bb6 5. a4 a6 6. 0-0 d6 7. c3 Nf6 8. Re1 0-0 9. h3 Be6 10. d3 h6 11. Nbd2 Qd7 12. Nf1 Bxc4 13. dxc4 Qe6 14. Qd3 Nh5 15. g4 Nf4 16. Bxf4 exf4 17. N1d2 Ne5 18. Qe2 Rad8 19. Nd4 Qf6 20. N2f3 Nxf3+ 21. Qxf3 Bxd4 22. cxd4 Qxd4 23. Rac1 Qf6 24. c5 dxc5 25. Rxc5 c6 26. e5 Qe6 27. Qxf4 Rd3 28. Re3 Rfd8 29. Kg2 R8d4 30. Re4 Rxe4 31. Qxe4 Qb3 32. Rc4 Rxh3 33. e6 fxe6 34. Qxe6+ Kh7 35. Qf5+ Kg8 36. Re4 1-0

[Event "Titled Tuesday intern op 01st June"]
[Site "Chess.com INT"]
[Date "2021.06.01"]
[Round "5"]
[White "Koganov, Mikhail"]
[Black "Funderburg, John T"]
[Result "1/2-1/2"]
[WhiteElo "2119"]
[BlackElo "2100"]
[PlyCount "85"]
[EventDate "2021.06.01"]
[EventType "swiss (blitz)"]
[EventRounds "11"]
[EventCountry "USA"]
[SourceTitle "CBM 202 Extra"]
[Source "ChessBase"]
[SourceDate "2021.07.31"]
[SourceVersion "1"]
[SourceVersionDate "2021.07.31"]
[SourceQuality "1"]

1. Nf3 d5 2. b3 Nf6 3. Bb2 Bf5 4. e3 h6 5. Be2 e6 6. 0-0 Be7 7. d3 0-0 8. Nbd2 Nbd7 9. Re1 Bh7 10. Nf1 a5 11. Ng3 a4 12. bxa4 Rxa4 13. c4 Qa8 14. cxd5 exd5 15. Qb1 c6 16. Nd4 Re8 17. Ngf5 Bf8 18. Ng3 Ne5 19. Nf3 Nxf3+ 20. Bxf3 Nd7 21. Bd1 Ra6 22. Bc2 Nc5 23. Bd4 Na4 24. Rd1 c5 25. Bxa4 Rxa4 26. Bc3 c4 27. e4 cxd3 28. exd5 Qa6 29. Qb3 Ra3 30. Qb2 Qg6 31. Rac1 Rea8 32. Qxb7 Rxa2 33. Ra1 Rxa1 34. Bxa1 Rxa1 35. Rxa1 d2 36. Nf1 Qc2 37. Ra8 Bd3 38. Rxf8+ Kxf8 39. Qb8+ Ke7 40. Qe5+ Kf8 41. Qb8+ Ke7 42. Qe5+ Kf8 43. Qb8+ 1/2-1/2

[Event "Titled Tuesday intern op 01st June"]
[Site "Chess.com INT"]
[Date "2021.06.01"]
[Round "2"]
[White "Koganov, Mikhail"]
[Black "Piesik, Piotr"]
[Result "0-1"]
[WhiteElo "2119"]
[BlackElo "2404"]
[PlyCount "122"]
[EventDate "2021.06.01"]
[EventType "swiss (blitz)"]
[EventRounds "11"]
[EventCountry "USA"]
[SourceTitle "CBM 202 Extra"]
[Source "ChessBase"]
[SourceDate "2021.07.31"]
[SourceVersion "1"]
[SourceVersionDate "2021.07.31"]
[SourceQuality "1"]

1. Nf3 g6 2. c4 Bg7 3. Nc3 d6 4. e4 Nc6 5. d4 e5 6. dxe5 Nxe5 7. Nxe5 dxe5 8. Qxd8+ Kxd8 9. Be3 c6 10. c5 Be6 11. 0-0-0+ Kc7 12. b3 Nf6 13. f3 Nd7 14. Be2 h5 15. Kb2 Bh6 16. Bf2 Rhd8 17. b4 a5 18. b5 Bf8 19. b6+ Kc8 20. Na4 Be7 21. Be3 Nf6 22. Rxd8+ Kxd8 23. Rd1+ Ke8 24. a3 Rd8 25. Rxd8+ Kxd8 26. Bd2 Nd7 27. Be3 f5 28. Kc3 f4 29. Bf2 g5 30. Bc4 Nf8 31. Be1 g4 32. Kd3 Bxc4+ 33. Kxc4 Ne6 34. Bxa5 gxf3 35. gxf3 Nd4 36. Bc3 Nxf3 37. h3 Bf6 38. Nb2 Ng1 39. Nd3 Nxh3 40. Bxe5 Bxe5 41. Nxe5 Ng5 42. Kd3 h4 43. Ng4 h3 44. a4 Kc8 45. a5 Ne6 46. Kc4 f3 47. Nf2 h2 48. Nh1 Kd7 49. e5 Nf4 50. Kd4 Ne6+ 51. Kc4 Kc8 52. Nf2 Kd8 53. Nh1 Kd7 54. Nf2 Nf4 55. Kd4 Nh3 56. Nh1 f2 57. e6+ Kxe6 58. a6 f1Q 59. axb7 Qf8 60. Ng3 Qb8 61. Nh1 Qxb7 0-1

[Event "Titled Tuesday intern op 01st June"]
[Site "Chess.com INT"]
[Date "2021.06.01"]
[Round "6"]
[White "Koganov, Mikhail"]
[Black "Tikhonov, Viacheslav"]
[Result "1-0"]
[WhiteElo "2119"]
[BlackElo "2274"]
[PlyCount "63"]
[EventDate "2021.06.01"]
[EventType "swiss (blitz)"]
[EventRounds "11"]
[EventCountry "USA"]
[SourceTitle "CBM 202 Extra"]
[Source "ChessBase"]
[SourceDate "2021.07.31"]
[SourceVersion "1"]
[SourceVersionDate "2021.07.31"]
[SourceQuality "1"]

1. Nf3 h6 2. c4 g5 3. d4 f5 4. Qc2 d6 5. e3 Bg7 6. Bd3 e6 7. b3 Ne7 8. Bb2 0-0 9. h3 b6 10. Nbd2 a5 11. a3 Nd7 12. g4 Bb7 13. Be2 Nf6 14. gxf5 exf5 15. d5 Bc8 16. Rg1 Ng6 17. Bd3 Qd7 18. 0-0-0 Ne8 19. Nxg5 hxg5 20. Rxg5 Bxb2+ 21. Qxb2 Rf6 22. Rdg1 Kf7 23. Nf3 Ng7 24. Nh4 Bb7 25. Rxg6 Rxg6 26. Rxg6 Ne8 27. Qh8 Ke7 28. Bxf5 Qxf5 29. Nxf5+ Kd8 30. Rg8 Kd7 31. Qh7+ Kc8 32. Rxe8# 1-0